000 00562nam a2200229Ia 4500
003 OSt
005 20220924135652.0
006 a|||||r|||| 00| 0
007 ta
008 220923b |||||||| |||| 00| 0 ben d
024 _a292066
037 _cTextual
040 _aARTS
_cARTS
_bben
041 _2ben
_aben
082 _aO157,1M61z7, K2
100 _aSen
245 0 _aParijan - parivesh Rabindra vikas
260 _c1962
650 _aBENGALI LITERATURE
942 _hO157,1M61z7, K2
_cTEXL
_2CC
999 _c441522
_d441522